000 00293nam a2200109Ia 4500
008 200302s9999 xx 000 0 und d
100 _aKenneth Frampton and Others
245 _aRaj Rewal Innovative Architcture and Tradition
260 _bOm Books International
260 _c2013
300 _a279
999 _c6938
_d6938